Welcome to WEB OPAC of MRSPTU Central Library

Microprocessor microcomputer and their application (Record no. 3202)

MARC details
000 -LEADER
fixed length control field 00382nam a2200145Ia 4500
008 - FIXED-LENGTH DATA ELEMENTS--GENERAL INFORMATION
fixed length control field 230711s9999||||xx |||||||||||||| ||und||
041 ## - LANGUAGE CODE
Language code of text/sound track or separate title ENG
082 ## - DEWEY DECIMAL CLASSIFICATION NUMBER
Classification number 4
Item number MU-M
100 ## - MAIN ENTRY--PERSONAL NAME
Personal name Mukhopadhyay,AK
245 #0 - TITLE STATEMENT
Title Microprocessor microcomputer and their application
250 ## - EDITION STATEMENT
Edition statement 1st
260 ## - PUBLICATION, DISTRIBUTION, ETC.
Date of publication, distribution, etc. 1996
Place of publication, distribution, etc. New Delhi
Name of publisher, distributor, etc. Narosa Publishing House
650 ## - SUBJECT ADDED ENTRY--TOPICAL TERM
Topical term or geographic name entry element Computer Engineering
942 ## - ADDED ENTRY ELEMENTS (KOHA)
Koha item type Book
Holdings
Withdrawn status Lost status Damaged status Not for loan Collection Home library Current library Date acquired Total checkouts Full call number Barcode Date last seen Price effective from Koha item type
          MRSPTU Central Library MRSPTU Central Library     4 MU-M 11852 08/17/2023 08/17/2023 Book
          MRSPTU Central Library MRSPTU Central Library     4 MU-M 11853 08/17/2023 08/17/2023 Book
          MRSPTU Central Library MRSPTU Central Library     4 MU-M 11854 08/17/2023 08/17/2023 Book

Website Designed and Developed by MRSPTU Central Library Team

E-mail Id: librarian@mrsptu.ac.in